000 00821nam a2200253Ia 4500
003 OSt
005 20251203090835.0
008 210716s2005 xx 000 0 und d
020 _a9812530630
040 _cAIMIT LIBRARY
041 _aeng
082 _a005.762
_21
_bMITS
100 _aMitra, Sushmita.
_9247306
245 _aData mining:
_bmultimedia soft computing and bioinformatics /
_cBy Sushmita Mitra and Tinku Acharya.
250 _a1st ed.
260 _aNew Jersey :
_bJohn Wiley and Sons ,
_c2005.
300 _axviii,401 p.;
_bPB
_c23cm.
650 _aMultimedia data compression
_9247307
650 _aString matching
_9247308
650 _aClassification in data mining
_9247309
650 _aClustering in data mining
_9247310
700 _aAcharya, Tinku.
_9247311
942 _2ddc
_cBK
_k005.767 MITS
999 _c189946
_d189946